LEADER 00803nam0-22002891i-450 001 990005421120203316 005 20210408135716.0 010 $a0-312-01666-2 035 $a000542112 035 $aUSA01000542112 035 $a(ALEPH)000542112USA01 100 $a20010829d1988----km y1itay5003----ba 101 0 $aeng 102 $aGB 200 1 $aSouth Korea$eeducation, culture and economy$fGeorgie D. M. Hyde 210 $aNew York$cSt. Martyin's Press$d1988 215 $aXIX, 283 p.$d22 cm 606 0 $aEstremo Oriente$yKorea del sud$2BNCF 676 $a951.95 700 1$aHYDE,$bGeorgie D. M.$0613320 801 0$aIT$bSOL$c20120104 912 $a990005421120203316 951 $a900 951.95 HYD$b4117 DISES 959 $aBK 969 $aDISES 996 $aSouth Korea$91142920 997 $aUNISA